Catalog

Record Details

Catalog Search



Gottes Wort und Gottes Land : Hans Wilhelm Hertzberg zum 70. Geburstag am 16. Januar 1965 dargebracht von Kollegen, Freuden und Schülern / herausgegeben von Henning Graf Reventlow.  Cover Image Book Book

Gottes Wort und Gottes Land : Hans Wilhelm Hertzberg zum 70. Geburstag am 16. Januar 1965 dargebracht von Kollegen, Freuden und Schülern / herausgegeben von Henning Graf Reventlow.

Record details

  • Physical Description: 228 s.
  • Publisher: Göttingen : Vandenhoeck and Ruprecht , 1965.

Available copies

  • 1 of 1 copy available at Common Catalog SPOK.

Holds

  • 0 current holds with 1 total copy.
Show Only Available Copies
Location Call Number / Copy Notes Barcode Shelving Location Status Due Date
ETS Library 221.04 424470014660 Volný výběr Available -

LDR 00817nam a22002295a 4500
00140663
003CZ-PrJAB
00520160531092552.0
008810318s1965 |||||||e ||| ||||0|ger|
010 . ‡a 65097794
035 . ‡a(CONS)12001
035 . ‡a(CaOOAMICUS)000004250177
040 . ‡aDLC ‡beng ‡cCaOOCC ‡dCaOOCC
055 . ‡|BR50.R4 1965
082 . ‡a221.04
24510. ‡aGottes Wort und Gottes Land : Hans Wilhelm Hertzberg zum 70. Geburstag am 16. Januar 1965 dargebracht von Kollegen, Freuden und Schülern / herausgegeben von Henning Graf Reventlow.
260 . ‡aGöttingen : ‡b Vandenhoeck and Ruprecht , ‡c 1965.
300 . ‡a228 s.
7001 . ‡aHertzberg, Hans Wilhelm, ‡d1895-
700 . ‡aReventlow, Henning Graf
8524 . ‡bETS ‡bETS ‡cVolný výběr ‡j221.04 ‡p424470014660 ‡y$50.00
910 . ‡aABG450
999 . ‡a12001 ‡c12001 ‡tbiblio
905 . ‡uadmin
901 . ‡a40663 ‡b ‡c40663 ‡tbiblio ‡sets

Additional Resources